000 00361nam a2200133Ia 4500
008 240624s9999 xx 000 0 und d
041 _aeng
082 _a658.4 GOL
100 _aGOLDSTEIN NOAH J
245 _aYES 50 SECRETS FROM THE SCIENCE OF PERSU
260 _c2008
_aNew Delhi
_bProfile Books Ltd.
300 _avi, : 250 : p. : cm. ; 20
365 _cRS
_b33
999 _c10881
_d10881